000
00306nam a22001337a 4500
003
SGT
082
_a
275
_b
362.1
100
_a
MALVIYA, KIRTI
245
_a
SOCIAL AND PREVENTIVE PHARMACY
260
_a
INDIA
_b
PEE VEE
_c
2021
300
_a
236
650
_a
SOCIAL AND PREVENTIVE PHARMACY
942
_2
ddc
_c
BK
999
_c
32473
_d
32473